The Latex companion

Αποθηκεύτηκε σε:
Λεπτομέρειες βιβλιογραφικής εγγραφής
Κύριος συγγραφέας: Goossens, Michel
Άλλοι συγγραφείς: Mittelbach, Frank, Samarin, Alexander
Μορφή: Βιβλίο
Γλώσσα:English
Δημοσίευση: Reading : Addison-Wesley, 1994
Θέματα:
Ετικέτες: Προσθήκη ετικέτας
Δεν υπάρχουν, Καταχωρήστε ετικέτα πρώτοι!

MARC

LEADER 00000nam a2200000 i 4500
001 1/63104
008 960305s1994 eng d
020 |a 0-201-54199-8 
035 |a 1995  |c ΚΩΤΣΑΚΗΣ  |l 10046733 
040 |a GR-MY-UA  |b gre  |e aacr 
041 0 |a eng 
082 0 |a 686.22544536 
100 1 |a Goossens, Michel. 
245 1 4 |a The Latex companion /  |c Michel Goossens, Frank Mittelbach & Alexander Samarin 
260 |a Reading :   |b Addison-Wesley,   |c 1994 
300 |a 528 p.;  |c 23 cm.+ 
504 |a Includes bibliographical references and index 
630 0 0 |a LaTeX (Computer file) 
650 0 0 |a Computerized typesetting. 
650 0 0 |a Word processing. 
700 1 |a Mittelbach, Frank. 
700 1 |a Samarin, Alexander. 
852 |a INST  |b SAMOS  |e 19960305  |h 686.22544536 GOO  |p 005300004724  |q 005300004724  |t BK  |y 0 
909 |a Σ  |b 040522